000 00463nam a22001577a 4500
005 20251108164126.0
008 250721s1986 xx 000 0 ara d
082 1 4 _a218.9/محم
100 1 _aشرف، محمد ياسر
245 1 0 _a`حركة التصوف الإسلامي /
264 1 _aالقاهرة :
_bالهيئه المصريه العامه للكتاب،
_c1986.
300 _a313ص.
650 1 7 _aالصوفية
942 _2ddc
_cBK
999 _c4282
_d4282